Food, agriculture and rural development Current and emerging issues for economic analysis and policy research

Na minha lista:
Detalhes bibliográficos
Autor principal: FAO
Formato: Livro
Idioma:Undetermined
Publicado em: Rome FAO 2001
Assuntos:
Tags: Adicionar Tag
Sem tags, seja o primeiro a adicionar uma tag!
Thư viện lưu trữ: Trung tâm Học liệu Trường Đại học Cần Thơ
LEADER 00562nam a2200193Ia 4500
001 CTU_43861
008 210402s9999 xx 000 0 und d
082 |a 307.72 
082 |b F686/2001 
100 |a FAO 
245 0 |a Food, agriculture and rural development 
245 0 |b Current and emerging issues for economic analysis and policy research 
245 0 |c FAO 
260 |a Rome 
260 |b FAO 
260 |c 2001 
650 |a rural development 
904 |i Nguyễn Quang Điền, 010911 
980 |a Trung tâm Học liệu Trường Đại học Cần Thơ